| 000 | 00566nam a22001937a 4500 | ||
|---|---|---|---|
| 003 | OSt | ||
| 005 | 20160630142736.0 | ||
| 008 | 160630b xxu||||| |||| 00| 0 eng d | ||
| 020 | _a1853154407 | ||
| 040 | _cDNLM. | ||
| 082 | _aQU145H347h 2000. | ||
| 100 |
_aEdited by,Thurnham,I.David;Roberts,A.Terry. _99784 |
||
| 245 | _aHealth and the Food Chain: | ||
| 260 |
_aLondon. _bThe Royal society of Medicine Press Limited. _c2000. |
||
| 300 |
_avii,274p; _bill; _c26cm. |
||
| 504 | _areferences and index are included. | ||
| 650 |
_aHealth. _92172 |
||
| 942 |
_2z _cO_SHELF |
||
| 999 |
_c4568 _d4568 |
||